El italiano (Record no. 123387)

MARC details
000 -LEADER
campo de control de longitud fija 00656nam a2200205 4500
001 - NÚMERO DE CONTROL
campo de control 123387
003 - IDENTIFICADOR DE NÚMERO DE CONTROL
campo de control ES-MaACL
007 - CAMPO FIJO DE DESCRIPCIÓN FÍSICA--INFORMACIÓN GENERAL
campo de control de longitud fija t|
008 - DATOS DE LONGITUD FIJA--INFORMACIÓN GENERAL
campo de control de longitud fija 070214s1981 sp r ||||1| spa d
100 1# - ENTRADA PRINCIPAL--NOMBRE DE PERSONA
Nombre de persona Radcliffe, Ann Ward,
Fechas asociadas al nombre 1764-1823
9 (RLIN) 242916
245 13 - MENCIÓN DEL TÍTULO
Título El italiano
Resto del título : o El confesionario de los penitentes negros /
Mención de responsabilidad, etc. Ann Ward Radcliffe.
250 ## - MENCION DE EDICION
Mención de edición 1ª ed.
260 ## - PUBLICACIÓN, DISTRIBUCIÓN, ETC.
Lugar de publicación, distribución, etc. Barcelona :
Nombre del editor, distribuidor, etc. Icaria,
Fecha de publicación, distribución, etc. 1981.
300 ## - DESCRIPCIÓN FÍSICA
Extensión 320 p. ;
Dimensiones 21 cm.
490 1# - MENCIÓN DE SERIE
Mención de serie Icaria literaria ;
Designación de volumen o secuencia 15
740 0# - ENTRADA AGREGADA--TÍTULO RELACIONADO/ANALÍTICO NO CONTROLADO
Título relacionado o analítico no controlado El confesionario de los penitentes negros.
830 0# - PUNTO DE ACCESO ADICIONAL DE SERIE-TÍTULO UNIFORME
Título uniforme Icaria literaria ;
Designación de volumen o secuencia 15
9 (RLIN) 178471
852 ## - LOCALIZACIÓN
Ubicación ES-MaACL
Número de control de estantería L-3910
Sublocalización o colección R.104491
Holdings
Estatus retirado Estado de pérdida Estado de daño No para préstamo Biblioteca de origen Biblioteca actual Ubicación en estantería Fecha de adquisición Fuente de adquisición Total de préstamos Signatura topográfica completa Código de barras Visto por última vez Fecha del último préstamo Precio de reemplazo Tipo de ítem Koha
        Biblioteca del Ateneo de Madrid Biblioteca del Ateneo de Madrid Depósito 2 17/01/2008   1 L-3910 1128560 15/04/2026 20/03/2026 23/02/2023 Libro impreso